Oxygen chemistry by Donald T Sawyer (Record no. 1214707)

MARC details
000 -LEADER
fixed length control field 01052nam a2200289Ia 4500
003 - CONTROL NUMBER IDENTIFIER
control field OSt
005 - DATE AND TIME OF LATEST TRANSACTION
control field 20221007125122.0
008 - FIXED-LENGTH DATA ELEMENTS--GENERAL INFORMATION
fixed length control field 221006b |||||||| |||| 00| 0 eng d
020 ## - INTERNATIONAL STANDARD BOOK NUMBER
International Standard Book Number 0195057988 (hbd)
037 ## - SOURCE OF ACQUISITION
Terms of availability Textual
040 ## - CATALOGING SOURCE
Original cataloging agency CDL
Transcribing agency CDL
Language of cataloging eng
041 ## - LANGUAGE CODE
Source of code eng
Language code of text/sound track or separate title eng
100 ## - MAIN ENTRY--PERSONAL NAME
Personal name Sawyer Donald T
9 (RLIN) 721559
245 #0 - TITLE STATEMENT
Title Oxygen chemistry by Donald T Sawyer
260 ## - PUBLICATION, DISTRIBUTION, ETC.
Place of publication, distribution, etc. Oxford
Name of publisher, distributor, etc. Oxford University Press
Date of publication, distribution, etc. 1991
300 ## - PHYSICAL DESCRIPTION
Extent xii,223p
Dimensions cm.
490 ## - SERIES STATEMENT
Series statement <The>International series of monographs on chemistry; 26
500 ## - GENERAL NOTE
General note Includes bibliographical references; Index 215-223p; ^n23/CSL/CARC/96-97/3414^d1996-08-23^mPurchase; ; 96-97/187^b1996-10-24^c14560/96-97^d1996-10-15^eEducational Book Agency (India); ; 1996-11-06^bSB^c1996-11-21^r1996-12-19
650 ## - SUBJECT ADDED ENTRY--TOPICAL TERM
Topical term or geographic name entry element Oxygen
9 (RLIN) 721560
650 ## - SUBJECT ADDED ENTRY--TOPICAL TERM
Topical term or geographic name entry element Chemistry
942 ## - ADDED ENTRY ELEMENTS (KOHA)
Classification part E160, N1
Koha item type Textual
Source of classification or shelving scheme Colon Classification (CC)
Holdings
Withdrawn status Lost status Source of classification or shelving scheme Damaged status Not for loan Home library Current library Date acquired Source of acquisition Total Checkouts Full call number Barcode Date last seen Price effective from Koha item type
    Colon Classification (CC)     Department of Chemistry Library Department of Chemistry Library 2022-10-07 Educational,   E160 N1 CD0006226 2022-10-07 2022-10-07 Textual
Copyright @ Delhi University Library System